000 00485nam a2200181Ia 4500
005 20250508162123.0
008 008 250505s9999 xx 000 0 hin d
037 _aReference
040 _aFEDL
_beng
_cFEDL
041 _ahin
_2eng
084 _a491.433, SHA
_qFEDL
100 _aShri Sharan
245 0 _aHindi muhavara kosh
260 _aDelhi, India
_bPrem Prakashan Mandir
_c1980
300 _a150p.
942 _cREF
_h491.433, SHA
999 _c1374497
_d1374497